[Event "Warsaw YMCA Autumn-A 220th"]
[Site "Warsaw"]
[Date "2019.11.29"]
[Round "11"]
[White "Derylo, Kamil"]
[Black "Staniak, Mariusz"]
[Result "1-0"]
[WhiteElo "1999"]
[BlackElo "1808"]
[PlyCount "63"]
[EventDate "2019.09.20"]
[EventType "tourn"]
[EventRounds "13"]
[EventCountry "POL"]
[SourceTitle "CBM 195 Extra"]
[Source "ChessBase"]
[SourceDate "2020.05.31"]
[SourceVersion "1"]
[SourceVersionDate "2020.05.31"]
[SourceQuality "1"]

1. Nf3 Nf6 2. c4 g6 3. d4 Bg7 4. Nc3 0-0 5. e4 d6 6. Be2 e5 7. dxe5 dxe5 8. Qxd8 Rxd8 9. Bg5 Na6 10. Nxe5 Re8 11. f4 Nc5 12. Bf3 Nfxe4 13. Bxe4 Nxe4 14. Nxe4 Bxe5 15. fxe5 Rxe5 16. 0-0-0 Rxe4 17. Rd8+ Kg7 18. b3 b6 19. Rf1 Re6 20. Bd2 f6 21. Bc3 g5 22. g4 Kg6 23. Rg8+ Kf7 24. Rxg5 Rc6 25. h3 Bd7 26. Rd5 Rd8 27. Rd3 Ke7 28. Rdf3 f5 29. gxf5 Rh6 30. Rg1 Re8 31. f6+ Kf8 32. f7 1-0

[Event "Warsaw YMCA Spring-B 199th"]
[Site "Warsaw"]
[Date "2018.06.21"]
[Round "13"]
[White "Staniak, Mariusz"]
[Black "Sieczkowski, Adam"]
[Result "1/2-1/2"]
[WhiteElo "1780"]
[BlackElo "1695"]
[PlyCount "78"]
[EventDate "2018.04.06"]
[EventType "tourn"]
[EventRounds "13"]
[EventCountry "POL"]
[SourceTitle "EXT 2021"]
[Source "ChessBase"]
[SourceDate "2020.10.23"]
[SourceVersion "1"]
[SourceVersionDate "2020.10.23"]
[SourceQuality "1"]

1. b3 e5 2. Bb2 d6 3. e3 g6 4. c4 Bg7 5. g3 Ne7 6. Bg2 0-0 7. Nc3 Nd7 8. Nge2 c6 9. 0-0 f5 10. Qc2 Nf6 11. d4 Qc7 12. dxe5 dxe5 13. Rfd1 Be6 14. Ba3 Rad8 15. Rxd8 Rxd8 16. Rd1 Rxd1+ 17. Qxd1 Kf7 18. Bd6 Qa5 19. b4 Qd8 20. c5 Nfd5 21. Nxd5 Nxd5 22. Bxd5 Bxd5 23. Nc3 Be6 24. b5 Qa5 25. bxc6 bxc6 26. Qb1 g5 27. Qb7+ Kg6 28. Qe7 Bc4 29. Bxe5 Bxe5 30. Qxe5 Qa3 31. Qe8+ Kh6 32. Qxc6+ Kh5 33. Qe8+ Kh6 34. Qf8+ Kh5 35. Qe8+ Kh6 36. Qc6+ Kh5 37. Qf3+ Kh6 38. Qc6+ Kh5 39. Qf3+ Kh6 1/2-1/2

[Event "Warsaw YMCA Spring-B 199th"]
[Site "Warsaw"]
[Date "2018.05.17"]
[Round "7"]
[White "Mlynarski, Zbigniew"]
[Black "Staniak, Mariusz"]
[Result "1-0"]
[WhiteElo "1618"]
[BlackElo "1780"]
[PlyCount "151"]
[EventDate "2018.04.06"]
[EventType "tourn"]
[EventRounds "13"]
[EventCountry "POL"]
[SourceTitle "EXT 2021"]
[Source "ChessBase"]
[SourceDate "2020.10.23"]
[SourceVersion "1"]
[SourceVersionDate "2020.10.23"]
[SourceQuality "1"]

1. e4 c5 2. Nf3 d6 3. c3 Nf6 4. Bd3 g6 5. 0-0 Bg7 6. Bc2 0-0 7. d4 cxd4 8. cxd4 Nc6 9. a3 Bg4 10. Be3 Nd7 11. Nc3 a6 12. h3 Bxf3 13. gxf3 e5 14. dxe5 Ndxe5 15. Qe2 b5 16. Bb3 Na5 17. Bd5 Rc8 18. a4 b4 19. Na2 Qh4 20. f4 Nec4 21. Nxb4 Qxh3 22. Rab1 Nxe3 23. Qxe3 Qxe3 24. fxe3 Nc4 25. Nc6 Rxc6 26. Bxc6 Nd2 27. b4 Nxb1 28. Rxb1 Rb8 29. Kf2 Bc3 30. b5 axb5 31. axb5 Ba5 32. Ra1 Bb6 33. Rd1 Bc5 34. Rd5 Bb4 35. Ke2 Kf8 36. Kd3 Ke7 37. Kc4 Ba5 38. e5 dxe5 39. Rxe5+ Kf6 40. Rd5 Bb6 41. e4 h5 42. Rd7 h4 43. Bd5 Rf8 44. Rd6+ Kg7 45. Rxb6 h3 46. e5 h2 47. Ra6 Rc8+ 48. Rc6 Rd8 49. Rd6 Rc8+ 50. Kb4 Rc1 51. b6 Rd1 52. Bb7 Rb1+ 53. Ka3 Rb5 54. Be4 Ra5+ 55. Kb4 Ra1 56. b7 Re1 57. Bc6 Rb1+ 58. Ka5 Ra1+ 59. Kb6 Rc1 60. b8Q Rxc6+ 61. Rxc6 h1Q 62. Qd6 Qg1+ 63. Rc5 Qe3 64. Qf6+ Kg8 65. Kc6 Qd4 66. Qd6 Qa4+ 67. Kc7 Kg7 68. f5 Qa7+ 69. Kd8 Qa8+ 70. Rc8 Qa5+ 71. Ke7 Qa7+ 72. Rc7 Qb8 73. fxg6 fxg6 74. Qf6+ Kh6 75. Qh4+ Kg7 76. Kd6+ 1-0

[Event "Warsaw YMCA Spring-B 168th"]
[Site "Warsaw"]
[Date "2016.05.19"]
[Round "7"]
[White "Moskwinski, Marek"]
[Black "Staniak, Mariusz"]
[Result "0-1"]
[WhiteElo "1812"]
[BlackElo "1794"]
[PlyCount "50"]
[EventDate "2016.04.07"]
[EventType "tourn"]
[EventRounds "13"]
[EventCountry "POL"]
[SourceTitle "EXT 2019"]
[Source "ChessBase"]
[SourceDate "2018.10.10"]
[SourceVersion "1"]
[SourceVersionDate "2018.10.10"]
[SourceQuality "1"]

1. e4 e5 2. Nf3 Nf6 3. Nxe5 d6 4. Nf3 Nxe4 5. d4 d5 6. Bd3 Nc6 7. 0-0 Be7 8. Re1 Bg4 9. c3 f5 10. Qb3 0-0 11. Nbd2 Kh8 12. h3 Bh5 13. Qxb7 Rf6 14. Qb3 Rg6 15. Qc2 Bh4 16. Bxe4 fxe4 17. Nh2 Bxf2+ 18. Kxf2 Qh4+ 19. Kf1 Rf8+ 20. Ndf3 exf3 21. Be3 fxg2+ 22. Kg1 Rf1+ 23. Rxf1 gxf1Q+ 24. Kxf1 Qxh3+ 25. Ke1 Qxe3+ 0-1

[Event "Warsaw YMCA Spring-B 168th"]
[Site "Warsaw"]
[Date "2016.04.22"]
[Round "3"]
[White "Staniak, Mariusz"]
[Black "Szukalski, Antoni"]
[Result "1-0"]
[WhiteElo "1794"]
[BlackElo "1750"]
[PlyCount "101"]
[EventDate "2016.04.07"]
[EventType "tourn"]
[EventRounds "13"]
[EventCountry "POL"]
[SourceTitle "EXT 2019"]
[Source "ChessBase"]
[SourceDate "2018.10.10"]
[SourceVersion "1"]
[SourceVersionDate "2018.10.10"]
[SourceQuality "1"]

1. d4 Nf6 2. c4 g6 3. Nc3 Bg7 4. e4 d6 5. f3 0-0 6. Be3 Nbd7 7. Qd2 c5 8. d5 a6 9. Bd3 Ne5 10. Nge2 Bd7 11. h3 Rb8 12. a4 b6 13. f4 Nxd3+ 14. Qxd3 e6 15. dxe6 Bxe6 16. 0-0 Qe7 17. f5 Bd7 18. Bg5 Bc6 19. Rae1 h6 20. Bf4 Rbd8 21. Nd5 Bxd5 22. exd5 g5 23. Nc3 Qd7 24. Bh2 Rfe8 25. b3 Re7 26. Rxe7 Qxe7 27. Bg3 Qd7 28. Re1 Nh5 29. Bh2 Bd4+ 30. Kh1 Nf6 31. g4 Re8 32. Ne4 Kf8 33. Bxd6+ Kg7 34. Bg3 b5 35. axb5 axb5 36. Nxf6 Kxf6 37. Rxe8 Qxe8 38. Kg2 bxc4 39. bxc4 Qa4 40. Qe2 Qa1 41. Bf2 Qc3 42. Be1 Qc1 43. d6 Qb1 44. h4 Qb7+ 45. Qf3 Qxf3+ 46. Kxf3 Be5 47. Bg3 Bd4 48. Ke4 h5 49. gxh5 g4 50. h6 Be3 51. Be5# 1-0

[Event "Warsaw YMCA Spring-B 168th"]
[Site "Warsaw"]
[Date "2016.04.19"]
[Round "1"]
[White "Staniak, Mariusz"]
[Black "Rusin, Ryszard"]
[Result "1-0"]
[WhiteElo "1794"]
[BlackElo "1768"]
[PlyCount "91"]
[EventDate "2016.04.07"]
[EventType "tourn"]
[EventRounds "13"]
[EventCountry "POL"]
[SourceTitle "EXT 2019"]
[Source "ChessBase"]
[SourceDate "2018.10.10"]
[SourceVersion "1"]
[SourceVersionDate "2018.10.10"]
[SourceQuality "1"]

1. d4 d5 2. Nf3 e6 3. c4 Nf6 4. Nc3 Be7 5. Bg5 0-0 6. e3 dxc4 7. Bxc4 Nbd7 8. 0-0 a6 9. a4 b6 10. Qe2 Bb7 11. Rad1 Nd5 12. Bxe7 Qxe7 13. e4 Nxc3 14. bxc3 Nf6 15. Bd3 Bc6 16. Ra1 Rfd8 17. Rfe1 g6 18. Nd2 Bb7 19. a5 b5 20. Nb3 Nd7 21. e5 c5 22. Be4 Bxe4 23. Qxe4 Rdc8 24. Rec1 c4 25. Nd2 Rab8 26. Qf3 f5 27. exf6 Qxf6 28. Qe3 e5 29. Ne4 Qf8 30. Ng5 Re8 31. Re1 h6 32. Ne4 b4 33. cxb4 Rxb4 34. dxe5 Rxe5 35. Qc3 Rd5 36. Red1 Rxd1+ 37. Rxd1 Qe7 38. Re1 Qf8 39. Qd4 Qf5 40. h3 Nf8 41. Nf6+ Kf7 42. Qa7+ Nd7 43. Nxd7 g5 44. Nc5+ Kf8 45. Qe7+ Kg8 46. Qd8+ 1-0

[Event "Warsaw YMCA Winter-B 164th"]
[Site "Warsaw"]
[Date "2016.02.25"]
[Round "8"]
[White "Kasperkiewicz, Pawel"]
[Black "Staniak, Mariusz"]
[Result "1-0"]
[WhiteElo "1899"]
[BlackElo "1793"]
[PlyCount "73"]
[EventDate "2016.01.07"]
[EventType "tourn"]
[EventRounds "13"]
[EventCountry "POL"]
[SourceTitle "EXT 2019"]
[Source "ChessBase"]
[SourceDate "2018.10.10"]
[SourceVersion "1"]
[SourceVersionDate "2018.10.10"]
[SourceQuality "1"]

1. d4 Nf6 2. c4 e6 3. Nc3 Bb4 4. Nf3 c5 5. g3 cxd4 6. Nxd4 0-0 7. Bg2 Nc6 8. 0-0 d5 9. cxd5 Nxd5 10. Nxc6 bxc6 11. Qc2 Qa5 12. Ne4 Ba6 13. a3 Be7 14. Bg5 Bxg5 15. Nxg5 g6 16. Ne4 Rab8 17. b4 Qb5 18. Rfe1 Qb6 19. Rac1 Rbc8 20. Red1 Rfd8 21. h4 h5 22. Bh3 Bb7 23. Nc5 Kh7 24. Qb2 a5 25. e4 Ne7 26. Bxe6 fxe6 27. Nxe6 Rg8 28. Rd7 Rce8 29. Qf6 Bc8 30. Rxe7+ Rxe7 31. Qxe7+ Kh6 32. Ng5 Rg7 33. Qf8 Qc7 34. Rxc6 Qd7 35. Qh8+ Rh7 36. Qxh7+ Qxh7 37. Nxh7 1-0

[Event "Warsaw YMCA Winter-B 164th"]
[Site "Warsaw"]
[Date "2016.02.11"]
[Round "6"]
[White "Kurowski, Andrzej"]
[Black "Staniak, Mariusz"]
[Result "1-0"]
[WhiteElo "1801"]
[BlackElo "1793"]
[PlyCount "65"]
[EventDate "2016.01.07"]
[EventType "tourn"]
[EventRounds "13"]
[EventCountry "POL"]
[SourceTitle "EXT 2019"]
[Source "ChessBase"]
[SourceDate "2018.10.10"]
[SourceVersion "1"]
[SourceVersionDate "2018.10.10"]
[SourceQuality "1"]

1. d4 Nf6 2. c4 e6 3. Nf3 d5 4. Nc3 Be7 5. Bg5 Nbd7 6. e3 0-0 7. Rc1 c6 8. Qc2 Re8 9. Bd3 dxc4 10. Bxc4 Nd5 11. Bxe7 Qxe7 12. 0-0 N5f6 13. Ne5 Nxe5 14. dxe5 Nd7 15. f4 b5 16. Bd3 f5 17. exf6 Nxf6 18. Ne4 Bd7 19. Nxf6+ gxf6 20. Rf3 f5 21. Rg3+ Kf7 22. e4 Rg8 23. Rh3 Rg7 24. exf5 Rag8 25. fxe6+ Qxe6 26. Rxh7 Rxh7 27. Bxh7 Rg7 28. Be4 Qxa2 29. Bxc6 Bxc6 30. Qxc6 Qxb2 31. Qd5+ Kf6 32. Rc6+ Ke7 33. Qe6+ 1-0

[Event "Warsaw YMCA Winter-B 164th"]
[Site "Warsaw"]
[Date "2016.01.14"]
[Round "2"]
[White "Staniak, Mariusz"]
[Black "Malicka, Maria"]
[Result "1/2-1/2"]
[WhiteElo "1793"]
[BlackElo "1774"]
[PlyCount "142"]
[EventDate "2016.01.07"]
[EventType "tourn"]
[EventRounds "13"]
[EventCountry "POL"]
[SourceTitle "EXT 2019"]
[Source "ChessBase"]
[SourceDate "2018.10.10"]
[SourceVersion "1"]
[SourceVersionDate "2018.10.10"]
[SourceQuality "1"]

1. Nf3 Nf6 2. c4 c5 3. Nc3 Nc6 4. g3 g6 5. Bg2 Bg7 6. 0-0 0-0 7. e3 e6 8. d4 cxd4 9. Nxd4 Nxd4 10. exd4 d5 11. cxd5 Nxd5 12. Nxd5 exd5 13. Be3 Be6 14. Qb3 Qd7 15. Rac1 Rac8 16. Rfd1 Rfd8 17. a3 Rc4 18. Rxc4 dxc4 19. Qxb7 Qxb7 20. Bxb7 Rb8 21. Bf3 Rxb2 22. d5 Bd7 23. Bxa7 c3 24. Rc1 Rb3 25. Bc5 Bh6 26. Be3 Bxe3 27. fxe3 Rxa3 28. Bd1 c2 29. Rxc2 Ra1 30. Rd2 Bg4 31. d6 Bxd1 32. d7 Bg4+ 33. Kg2 Bxd7 34. Rxd7 Ra2+ 35. Kh3 Re2 36. Rd8+ Kg7 37. Re8 h5 38. Re4 f5 39. Re5 Kf6 40. Ra5 Rxe3 41. Kg2 Re2+ 42. Kg1 Kg5 43. Ra4 Re4 44. Ra2 Kg4 45. Kg2 f4 46. gxf4 Rxf4 47. Rb2 Rc4 48. Ra2 Kf4 49. Rb2 Rd4 50. Ra2 Ke3 51. Ra5 Kf4 52. Ra2 g5 53. h3 g4 54. hxg4 hxg4 55. Ra3 Rd2+ 56. Kg1 Re2 57. Ra4+ Kg3 58. Ra3+ Kh4 59. Rb3 Rc2 60. Ra3 Rc1+ 61. Kg2 Rc2+ 62. Kg1 g3 63. Ra8 Rc4 64. Rh8+ Kg4 65. Rg8+ Kf3 66. Rf8+ Rf4 67. Rxf4+ Kxf4 68. Kg2 Kg4 69. Kg1 Kf3 70. Kf1 g2+ 71. Kg1 Kg3 1/2-1/2

[Event "Warsaw YMCA Autumn-B 160th"]
[Site "Warsaw"]
[Date "2015.12.02"]
[Round "11"]
[White "Staniak, Mariusz"]
[Black "Malicka, Maria"]
[Result "1-0"]
[WhiteElo "1795"]
[BlackElo "1710"]
[PlyCount "95"]
[EventDate "2015.09.24"]
[EventType "tourn"]
[EventRounds "13"]
[EventCountry "POL"]
[SourceTitle "EXT 2019"]
[Source "ChessBase"]
[SourceDate "2018.10.10"]
[SourceVersion "1"]
[SourceVersionDate "2018.10.10"]
[SourceQuality "1"]

1. c4 e5 2. Nc3 d6 3. g3 f5 4. Bg2 Nf6 5. e3 g6 6. Nge2 Bg7 7. 0-0 0-0 8. d4 c6 9. dxe5 dxe5 10. Qc2 Be6 11. b3 Qc7 12. Ba3 Rd8 13. Rfd1 Na6 14. Rac1 Rxd1+ 15. Rxd1 Rd8 16. Rxd8+ Qxd8 17. Nc1 Bf8 18. Bxf8 Kxf8 19. Nd3 e4 20. Nf4 Bf7 21. h4 Nc5 22. Bf1 Ng4 23. b4 Ne6 24. Nxe6+ Bxe6 25. Ne2 Qd3 26. Qb2 Qxc4 27. Nc3 Ne5 28. Bxc4 Nf3+ 29. Kh1 Bxc4 30. Qa3 a6 31. b5+ Kg7 32. bxc6 bxc6 33. Qe7+ Kh6 34. Qd6 Kh5 35. Qxc6 Bf1 36. g4+ Kxg4 37. Qd6 Kxh4 38. Qg3+ Kh5 39. Nd5 g5 40. Ne7 Nh4 41. Kg1 Bg2 42. Nxf5 Bf3 43. Nxh4 gxh4 44. Qg7 h6 45. Kh2 a5 46. Kh3 a4 47. Qe5+ Kg6 48. Kxh4 1-0

[Event "Warsaw YMCA Autumn-B 160th"]
[Site "Warsaw"]
[Date "2015.10.13"]
[Round "2"]
[White "Kasperkiewicz, Pawel"]
[Black "Staniak, Mariusz"]
[Result "1/2-1/2"]
[WhiteElo "1905"]
[BlackElo "1795"]
[PlyCount "72"]
[EventDate "2015.09.24"]
[EventType "tourn"]
[EventRounds "13"]
[EventCountry "POL"]
[SourceTitle "EXT 2019"]
[Source "ChessBase"]
[SourceDate "2018.10.10"]
[SourceVersion "1"]
[SourceVersionDate "2018.10.10"]
[SourceQuality "1"]

1. e4 c6 2. d4 d5 3. Nd2 dxe4 4. Nxe4 Nd7 5. Bc4 Ngf6 6. Ng5 e6 7. Qe2 Nb6 8. Bd3 h6 9. N5f3 Bd6 10. Ne5 Qc7 11. Ngf3 0-0 12. 0-0 c5 13. dxc5 Bxc5 14. Bf4 Bd6 15. c4 Nbd7 16. Rad1 Nxe5 17. Nxe5 Rd8 18. Bb1 Bd7 19. Nxd7 Rxd7 20. Bxd6 Rxd6 21. Rxd6 Qxd6 22. Rd1 Qc7 23. Qd3 Re8 24. g3 Qc6 25. b3 b6 26. Rd2 Qc7 27. Bc2 Qe5 28. Kg2 Qc5 29. Bd1 e5 30. Qd6 Qc8 31. Bc2 e4 32. Qf4 Qc6 33. Kg1 Qc5 34. Kg2 Qc6 35. Kg1 Qc5 36. Kg2 Qc6 1/2-1/2

[Event "Warsaw YMCA Autumn-B 146th"]
[Site "Warsaw"]
[Date "2014.10.29"]
[Round "5"]
[White "Staniak, Mariusz"]
[Black "Moskwinski, Marek"]
[Result "1-0"]
[WhiteElo "1818"]
[BlackElo "1822"]
[PlyCount "43"]
[EventDate "2014.09.17"]
[EventType "tourn"]
[EventRounds "13"]
[EventCountry "POL"]
[SourceTitle "EXT 2019"]
[Source "ChessBase"]
[SourceDate "2018.10.10"]
[SourceVersion "1"]
[SourceVersionDate "2018.10.10"]
[SourceQuality "1"]

1. c4 Nf6 2. Nc3 c6 3. e4 d5 4. exd5 cxd5 5. d4 Nc6 6. Nf3 Bg4 7. cxd5 Nxd5 8. Qb3 Nxc3 9. bxc3 Bxf3 10. gxf3 Qd7 11. Rb1 g6 12. Qxb7 Qe6+ 13. Be3 Rd8 14. Bb5 f5 15. Qxc6+ Qxc6 16. Bxc6+ Kf7 17. Rb7 Rd6 18. d5 a5 19. Bc5 Rd8 20. d6 Rc8 21. dxe7 Bxe7 22. Bd5+ 1-0

[Event "Warsaw YMCA Autumn-B 146th"]
[Site "Warsaw"]
[Date "2014.10.23"]
[Round "6"]
[White "Staniak, Mariusz"]
[Black "Praczukowski, Stanislaw"]
[Result "0-1"]
[WhiteElo "1818"]
[BlackElo "1961"]
[PlyCount "106"]
[EventDate "2014.09.17"]
[EventType "tourn"]
[EventRounds "13"]
[EventCountry "POL"]
[SourceTitle "EXT 2019"]
[Source "ChessBase"]
[SourceDate "2018.10.10"]
[SourceVersion "1"]
[SourceVersionDate "2018.10.10"]
[SourceQuality "1"]

1. b3 d5 2. Bb2 c5 3. e3 Nf6 4. Bb5+ Bd7 5. a4 a6 6. Bxd7+ Nbxd7 7. f4 e6 8. Nf3 Bd6 9. 0-0 Qc7 10. d3 0-0 11. Nbd2 Rfe8 12. Qe2 e5 13. fxe5 Nxe5 14. Nxe5 Bxe5 15. Bxe5 Qxe5 16. Rae1 Re7 17. Qf3 Qc3 18. Re2 Qxc2 19. e4 Qc3 20. Rfe1 Rae8 21. exd5 Rxe2 22. Rxe2 Qd4+ 23. Kf1 Qa1+ 24. Kf2 Qd4+ 25. Kf1 Rxe2 26. Qxe2 Qxd5 27. Nc4 g6 28. a5 Kg7 29. Ke1 Qd4 30. Kd2 Qf4+ 31. Qe3 Qxh2 32. Qxc5 Qxg2+ 33. Kc3 h5 34. Qe5 h4 35. Nd6 Qc6+ 36. Kb2 h3 37. d4 Qg2+ 38. Ka3 Qc6 39. Kb2 Qd7 40. d5 Qd8 41. Ka2 Qxa5+ 42. Kb2 Qd8 43. Ka2 b5 44. b4 a5 45. Kb3 a4+ 46. Ka3 Qd7 47. Ka2 Qd8 48. Ka3 Qh8 49. Ne4 Qh4 50. Nd6 h2 51. Ne8+ Kh6 52. Nxf6 Qh3+ 53. Kb2 Qb3+ 0-1

[Event "Warsaw YMCA Spring-C 140th"]
[Site "Warsaw"]
[Date "2014.05.21"]
[Round "7"]
[White "Rusin, Ryszard"]
[Black "Staniak, Mariusz"]
[Result "1-0"]
[WhiteElo "1807"]
[BlackElo "1801"]
[PlyCount "111"]
[EventDate "2014.04.08"]
[EventType "tourn"]
[EventRounds "11"]
[EventCountry "POL"]
[SourceTitle "EXT 2015"]
[Source "ChessBase"]
[SourceDate "2014.11.20"]
[SourceVersion "1"]
[SourceVersionDate "2014.11.20"]
[SourceQuality "1"]

1. d4 Nf6 2. c4 e6 3. Nc3 d5 4. Nf3 Be7 5. e3 0-0 6. Bd3 c5 7. dxc5 Bxc5 8. Qc2 Nc6 9. a3 a6 10. 0-0 dxc4 11. Bxc4 Qc7 12. Ba2 Bd6 13. h3 Ne5 14. Nxe5 Bxe5 15. Bb1 b5 16. f4 Bd6 17. Ne4 Qxc2 18. Nxf6+ gxf6 19. Bxc2 Bb7 20. Bd2 Rac8 21. Bc3 Bc5 22. Kf2 Rfd8 23. Rfd1 Rxd1 24. Bxd1 Kg7 25. g4 Be7 26. Be2 Be4 27. Bf3 Bxf3 28. Kxf3 Kg6 29. e4 Rd8 30. Ke2 Rc8 31. h4 h6 32. Rc1 Rc4 33. Kd3 Bd6 34. h5+ Kh7 35. Rf1 Be7 36. g5 f5 37. exf5 exf5 38. Re1 Re4 39. Rg1 Rxf4 40. g6+ fxg6 41. Rxg6 Rg4 42. Rxa6 Bh4 43. Ra8 Rg3+ 44. Kc2 Rxc3+ 45. Kxc3 Bf6+ 46. Kc2 f4 47. Rb8 f3 48. Rxb5 f2 49. Rf5 Bd4 50. b4 Kg7 51. a4 Ba7 52. a5 Bd4 53. b5 Bc5 54. b6 Bd4 55. b7 Ba7 56. a6 1-0

[Event "Warsaw YMCA Spring-C 140th"]
[Site "Warsaw"]
[Date "2014.04.30"]
[Round "4"]
[White "Kurowski, Andrzej"]
[Black "Staniak, Mariusz"]
[Result "0-1"]
[WhiteElo "1764"]
[BlackElo "1801"]
[PlyCount "140"]
[EventDate "2014.04.08"]
[EventType "tourn"]
[EventRounds "11"]
[EventCountry "POL"]
[SourceTitle "EXT 2015"]
[Source "ChessBase"]
[SourceDate "2014.11.20"]
[SourceVersion "1"]
[SourceVersionDate "2014.11.20"]
[SourceQuality "1"]

1. d4 Nf6 2. c4 e6 3. Nf3 b6 4. g3 Ba6 5. b3 Bb4+ 6. Bd2 Be7 7. Bc3 d5 8. Bg2 c6 9. Nbd2 0-0 10. Ne5 Nfd7 11. Nxd7 Nxd7 12. 0-0 Rc8 13. e4 b5 14. Re1 bxc4 15. bxc4 Nb6 16. c5 Nd7 17. e5 Rb8 18. Rb1 Rxb1 19. Qxb1 Qc7 20. Qc2 Rb8 21. Rb1 Bd8 22. Rb2 Qc8 23. Qb1 Rxb2 24. Qxb2 Bb5 25. Qa3 Qb7 26. Qb4 Qa6 27. Bf1 Bxf1 28. Nxf1 Bc7 29. Qb2 Qb5 30. Nd2 Qxb2 31. Bxb2 Nb8 32. Bc3 Na6 33. Nb3 Kf8 34. Ba5 Ke7 35. Bxc7 Nxc7 36. a4 Na6 37. Kf1 Nb4 38. Ke2 Kd7 39. Kd2 Kc7 40. Kc3 Na6 41. f4 Nb8 42. Kb4 Kb7 43. g4 Nd7 44. f5 Nf8 45. Nd2 h5 46. h3 hxg4 47. hxg4 g6 48. f6 Ka6 49. Nf3 Nh7 50. Kc3 Ka5 51. Kb3 Ka6 52. Kb4 Kb7 53. Ka5 Ka8 54. Ka6 Kb8 55. Nd2 Ng5 56. Nb3 Nf3 57. Ka5 Nh2 58. Ka6 Nxg4 59. Na5 Kc7 60. Nb7 g5 61. Nd6 Nh6 62. Kxa7 g4 63. Nb5+ Kd7 64. Kb7 g3 65. Nc3 g2 66. Ne2 Nf5 67. a5 Nxd4 68. Ng1 Nb5 69. Ne2 d4 70. Nxd4 Nxd4 0-1

[Event "Warsaw YMCA Winter-C 136th"]
[Site "Warsaw"]
[Date "2014.03.18"]
[Round "11"]
[White "Lewandrowski, Tomasz"]
[Black "Staniak, Mariusz"]
[Result "1-0"]
[WhiteElo "1817"]
[BlackElo "1804"]
[PlyCount "101"]
[EventDate "2014.01.06"]
[EventType "tourn"]
[EventRounds "13"]
[EventCountry "POL"]
[SourceTitle "EXT 2015"]
[Source "ChessBase"]
[SourceDate "2014.11.20"]
[SourceVersion "1"]
[SourceVersionDate "2014.11.20"]
[SourceQuality "1"]

1. e4 e5 2. Nf3 Nf6 3. Nxe5 d6 4. Nf3 Nxe4 5. Nc3 Nxc3 6. dxc3 Be7 7. Be3 0-0 8. Qd2 Nd7 9. 0-0-0 Ne5 10. Bd4 Bg4 11. Be2 Bf6 12. h4 Nxf3 13. gxf3 Bh5 14. Rdg1 Kh8 15. Be3 c6 16. a3 b5 17. f4 Bxe2 18. Qxe2 a5 19. c4 bxc4 20. Qxc4 Rb8 21. b3 d5 22. Qa4 c5 23. Bxc5 Re8 24. Re1 Re6 25. Rxe6 fxe6 26. Bd4 Rc8 27. Rh3 Qc7 28. Rc3 Qxf4+ 29. Be3 Qb8 30. Rxc8+ Qxc8 31. h5 Bc3 32. Qf4 h6 33. Qd6 Bf6 34. Bc5 Kh7 35. b4 axb4 36. axb4 Qa8 37. Qg3 Qa1+ 38. Kd2 Qa8 39. Qd3+ Kg8 40. f4 Qe8 41. Qe2 Qd7 42. b5 Qc8 43. Qe3 e5 44. Bd6 d4 45. Qb3+ Kh8 46. Bxe5 Qf5 47. b6 Bxe5 48. fxe5 Qxe5 49. b7 Qb8 50. Qf3 Kh7 51. Qf5+ 1-0

[Event "Warsaw YMCA Winter-C 136th"]
[Site "Warsaw"]
[Date "2014.02.11"]
[Round "6"]
[White "Chylewski, Patryk"]
[Black "Staniak, Mariusz"]
[Result "1-0"]
[WhiteElo "1749"]
[BlackElo "1804"]
[PlyCount "111"]
[EventDate "2014.01.06"]
[EventType "tourn"]
[EventRounds "13"]
[EventCountry "POL"]
[SourceTitle "EXT 2015"]
[Source "ChessBase"]
[SourceDate "2014.11.20"]
[SourceVersion "1"]
[SourceVersionDate "2014.11.20"]
[SourceQuality "1"]

1. d4 Nf6 2. c4 e6 3. Nc3 Bb4 4. Qc2 c5 5. dxc5 Bxc5 6. Nf3 0-0 7. Bg5 b6 8. e3 Be7 9. Be2 Bb7 10. 0-0 Na6 11. Rfd1 Rc8 12. Nb5 d5 13. Nxa7 Rc5 14. a3 Qa8 15. b4 Rc7 16. Nb5 Rcc8 17. Rac1 dxc4 18. Bxf6 Bxf6 19. Nd6 Rc7 20. Nxb7 Qxb7 21. b5 Nc5 22. Bxc4 Ra8 23. Bd3 Rxa3 24. Bxh7+ Kh8 25. Be4 Qa7 26. Bc6 Ra2 27. Qc4 Ra4 28. Qe2 Rc8 29. Rc2 Rd8 30. Rxd8+ Bxd8 31. g3 Bf6 32. e4 Ra3 33. e5 Be7 34. Rd2 Qa5 35. Nd4 Qc3 36. Be8 Bg5 37. f4 Ne4 38. fxg5 Qxd2 39. Qh5+ Kg8 40. Qxf7+ Kh7 41. Qg6+ Kh8 42. Qh5+ Kg8 43. Qf7+ Kh7 44. g6+ Kh6 45. Qf4+ Qxf4 46. gxf4 Nc5 47. f5 exf5 48. Nxf5+ Kg5 49. Nxg7 Ra2 50. h4+ Kg4 51. Nh5 Nd3 52. g7 Kf3 53. Bc6+ Ke3 54. g8Q Ra1+ 55. Kg2 Ne1+ 56. Kg3 1-0